Biotecnología global, bioseguridad y biodiversidad (Registro nro. 12968)
[ vista simple ]
| 000 -CABECERA | |
|---|---|
| Campo de control | 004990000a22001690004500 |
| 090 ## - CLASIFICACIÓN LOCAL | |
| Colección | AR |
| Consecutivo | 03934 |
| 041 0# - IDIOMA | |
| Código de idioma para texto/pista de sonido o título separado | |
| 100 1# - ASIENTO PRINCIPAL--NOMBRE PERSONAL | |
| Nombre personal | Iáñez Pareja, Enrique |
| 245 10 - MENCION DE TITULO | |
| Título | Biotecnología global, bioseguridad y biodiversidad |
| 500 ## - NOTA GENERAL | |
| Nota general | <Colección Recursos Genéticos> |
| 650 14 - ASIENTO SECUNDARIO DE MATERIA - TERMINO TEMATICO | |
| Término temático o nombre geográfico como elemento de entrada | Biodiversidad |
| 650 14 - ASIENTO SECUNDARIO DE MATERIA - TERMINO TEMATICO | |
| Término temático o nombre geográfico como elemento de entrada | Bioprospección |
| 650 14 - ASIENTO SECUNDARIO DE MATERIA - TERMINO TEMATICO | |
| Término temático o nombre geográfico como elemento de entrada | Riesgo ambiental |
| 650 14 - ASIENTO SECUNDARIO DE MATERIA - TERMINO TEMATICO | |
| Término temático o nombre geográfico como elemento de entrada | Convenios internacionales |
| 773 1# - Item fuente: | |
| Título | Preprint |
| Paginas del Articulo | 1-15 |
| Lugar, editorial y fecha de publicación | [2000?] |
| 942 ## - ELEMENTOS ADICIONALES (KOHA) | |
| Tipo de ítem | Artículo |
| Withdrawn status | Lost status | Damaged status | No para préstamo | Colección | Ubicación Permanente | Ubicación actual | Fecha de adquisición | Fuente de Valor | Datos de publicación Seriada | Total Checkouts | Número topográfico | Inventario / Código de Barras | Date last seen | Price effective from | Forma de adquisición | Tipo de material |
|---|---|---|---|---|---|---|---|---|---|---|---|---|---|---|---|---|
| No para Préstamo | Hemeroteca | Bogotá | Bogotá | 27/02/2015 | Rincón, Martha | Fuera de circulación | AR 03934 | 017487 | 25/03/2015 | 25/03/2015 | Artículo |